000 00297nam a22001337a 4500
008 181121b xxu||||| |||| 00| 0 eng d
020 _a9781579229900
041 _aeng
080 _a370
100 _a39
101 _aedu
245 _aLearning Through Serving
_cCressw.CH.M
942 _2udc
_cBK
999 _c52285
_d52285